Du Hast Liedtext, von Rammstien - Statistiken

Allgemein
  • Dieses Quiz wurde 36 mal gespielt
  • Das Durchschnittsergebnis liegt bei 128 aus 164
Antwortstatistiken
Antwort % Korrekt
Du
100%
du
100%
hast
100%
mich
97%
ich
85%
nichts
79%
und
79%
gefragt
76%
gesagt
76%
hab
76%
Nein
76%
der
73%
alle
70%
sein
70%
Tod
70%
Treu
70%
bis
67%
scheide
67%
Willst
67%
für
64%
scheidet
61%
Tage
61%
euch
45%
ihr
42%
(Ja)
39%
in
27%
lieben
27%
auch
24%
Sie
24%
schlechten
18%
Tagen
18%
gerfragt
0%
Keine übereinstimmenden Quizze gefunden
Verteilung der Resultate
Anzahl Personen mit jedem Resultat
Perzentil nach korrekt beantworteten Fragen
Ihre Resultats-Entwicklung
Sie haben dieses Quiz noch nicht gespielt